Nuestro himno nacional / (Registro nro. 7813)

Detalles MARC
000 -LIDER
fixed length control field 00922nam a2200301 a 4500
001 - NÚMERO DE CONTROL
Identificador de número de control 000036051
003 - IDENTIFICACDOR DE NÚMERO DE CONTROL
control field DO-SdBNP
005 - DATE AND TIME OF LATEST TRANSACTION
control field 20171103083557.0
007 - CAMPOS FIJOS DE DESCRIPCIÓN FÍSICA
fixed length control field 000036051
008 - ELEMENTOS DE LONGITUD FIJA
fixed length control field 111125s2003 dr a 000 0 spa d
040 ## - FUENTE DE CATALOGACIÓN
Agencia que crea de manera original el registro BPMSU
Idioma de catalogación spa
Agencia que realiza la transcripción BPMSU
082 #4 - NÚMERO DE CLASIFICACIÓN DECIMAL DE DEWEY
Classification number XXX
Item number M491, 2003
092 ## - LOCALLY ASSIGNED DEWEY DECIMAL CALL NUMBER
Número de ítem (Cutter)
100 1# - ASIENTO PRINCIPAL -- NOMBRE PERSONAL
Nombre personal Prud' homme, Emilio
245 10 - MENCIÓN DE TITULO
Título Nuestro himno nacional /
Mención de responsabilidad Tomás Castro Burdiez, José Reyes Rufino ; ilustraciones Ohanda Coste
260 ## - PUBLICACIÓN, DISTRIBUCIÓN, ETC. (PIE DE IMPRENTA)
Lugar de publicación, distribución, etc Santo Domingo :
Nombre del editor, distribuidor, etc. Fundación Educarte,
Fecha de publicación, distribución, etc 2003.
300 ## - DESCRIPCIÓN FÍSICA
Extensión 22 p. :
Otros detalles físicos il.,
Dimensiones 29 cm.
490 1# - MENCIÓN DE SERIES
Mención de serie Infantil Educarte
Volume/sequential designation 4
700 12 - ASIENTO SECUNDARIO -- NOMBRE PERSONAL
Nombre personal Coste, Ohanda,
Títulos u otras palabras asociadas con el nombre il.
700 ## - ASIENTO SECUNDARIO -- NOMBRE PERSONAL
Término de relación Castro Burdiez, Tomás
Mención de responsabilidad ed.
700 ## - ASIENTO SECUNDARIO -- NOMBRE PERSONAL
Término de relación Reyes Rufino, José
830 #0 - ASIENTO SECUNDARIO DE SERIE--TÍTULO UNIFORME
Título uniforme Infantil educarte
Volume number/sequential designation 4
930 #1 - EQUIVALENCE OR CROSS-REFERENCE-UNIFORM TITLE HEADING [LOCAL, CANADA]
Language of a work
Medium of performance for music
Field link and sequence number
Date of a work
Name of part/section of a work
Miscellaneous information
942 ## - ADDED ENTRY ELEMENTS (KOHA)
Source of classification or shelving scheme Dewey Decimal Classification
Koha item type Libros
945 ## - INFORMACIÓN DE PROCESAMIENTO LOCAL
Información de procesamiento local Invetariado infantil dom / 2017 VM
956 ## - LOCAL ELECTRONIC LOCATION AND ACCESS (OCLC)
Nombre de host
Número de acceso
Información de compresión
Inicio de sesión
Procesador de solicitud
956 ## - LOCAL ELECTRONIC LOCATION AND ACCESS (OCLC)
Nombre de host VMATEO
Número de acceso 10
Información de compresión 20150507
Inicio de sesión BPMSU
Procesador de solicitud 00151
Existencias
Withdrawn status Lost status Source of classification or shelving scheme Damaged status Not for loan Collection code Home library Current library Date acquired Total Checkouts Full call number Barcode Date last seen Price effective from Koha item type
    Dewey Decimal Classification     Colección Infantil Dominicana Biblioteca Pública Metropolitana Salomé Ureña Biblioteca Pública Metropolitana Salomé Ureña 05/07/2015   XXX M491, 2003 BPMSU15051583 05/07/2015 05/07/2015 Libros